000
00323nam a2200145Ia 4500
005
20250423100516.0
008
250422s9999 xx 000 0 und d
020
_a
1397805400915115
050
_a
AG 5 .P55/
245
0
_a
Philip’s Encyclopedia
260
_b
Octopos
260
_c
2008
300
_a
960 p
942
_c
BK
999
_c
33522
_d
33522